000 01014cam a2200301 4500
001 3614801
005 20180720160744.0
008 731228s1974 nyua b 001 0 eng
010 _a 73022380
020 _a0070108552
040 _aLC
_cMzuni
_dDLC
050 0 0 _aQA331
_bCHU 1974
082 0 0 _a515/.9
100 1 _aChurchill, Ruel V.
_q(Ruel Vance),
_d1899-1987.
240 0 0 _a complex variables and applications
245 1 0 _aComplex variables and applications/
_c[by] Ruel V. Churchill...[et al].
250 _a3d ed.
260 _aNew York,
_bMcGraw-Hill,
_c1974.
300 _ax, 332 p.:
_bill.;
_c23 cm.
350 _a$11.95
500 _aFirst ed. published in 1948 under title: Introduction to complex variables and applications.
504 _aBibliography: p. [311]-313.
650 0 _aFunctions of complex variables.
700 1 _aBrown, James Ward,
_ejoint author.
700 1 _aVerhey, Roger F.,
_ejoint author.
906 _a7
_bcbc
_corignew
_d1
_eocip
_f19
_gy-gencatlg
942 _2lcc
_cBK
999 _c1638
_d1638